|
|
|
|
| LEADER |
01370ncm a2200373 a 4500 |
| 001 |
000771749 |
| 003 |
CZ BrMZK |
| 005 |
20160922103522.0 |
| 007 |
qu |
| 008 |
050422s2005 xr zzaeg cze d |
| 024 |
2 |
|
|a M-2050-0751-5
|
| 028 |
0 |
0 |
|a P 5050
|b Panton International
|
| 040 |
|
|
|a BOA001
|b cze
|
| 048 |
|
|
|a wa01
|a ka01
|
| 072 |
|
7 |
|a 785
|x Instrumentální hudba. Symfonická hudba. Hudba pro více nástrojů
|2 Konspekt
|9 9
|
| 080 |
|
|
|a 78.083.2
|2 MRF
|
| 080 |
|
|
|a 788.51
|2 MRF
|
| 080 |
|
|
|a 786.2
|2 MRF
|
| 080 |
|
|
|a 78.089.6
|2 MRF
|
| 100 |
1 |
|
|a Kalabis, Viktor,
|d 1923-2006
|7 jn19990004142
|4 cmp
|
| 245 |
1 |
0 |
|a Čtyři obrazy, op. 73
|h [hudebnina] =
|b Vier Bilder, Op. 73 = Four images, op. 73 : (1991) : flauto e cembalo /
|c Viktor Kalabis ; [editor Věroslav Němec]
|
| 246 |
3 |
1 |
|a Vier Bilder, Op. 73
|
| 246 |
3 |
1 |
|a Four images, op. 73
|
| 246 |
3 |
|
|a 4 obrazy, op. 73
|
| 254 |
|
|
|a Partitura a hlasy
|
| 260 |
|
|
|a Praha :
|b Panton International,
|c 2005
|
| 300 |
|
|
|a 1 partitura (41 s.) + 1 hlas ;
|c 31 cm
|
| 650 |
0 |
7 |
|a drobné skladby (flétna, klavír)
|7 ph452597
|2 czenas
|
| 655 |
|
7 |
|a partitury a hlasy
|7 fd186702
|2 czenas
|
| 700 |
1 |
|
|a Němec, Věroslav,
|d 1952-
|7 ola2003193898
|4 edt
|
| 910 |
|
|
|a BOA001
|b Mus4-1151.034
|
| 990 |
|
|
|a MU
|
| 991 |
|
|
|b 200505
|
| 996 |
6 |
|
|b 2610248334
|c Mus4-1151.034
|l MZK
|r Sklad / do 1 hodiny
|n 0
|w 000771749
|u 000010
|a 1
|e BOA001
|j MZK50
|s P
|